NBA All-Stars - Statistics

General Stats
  • This quiz has been taken 3 times
  • The average score is 6 of 15
Answer Stats
Answer % Correct
player Giannis Antetokounmpo
67%
player Kobe Bryant
67%
player Larry Bird
67%
player Lebron James
67%
player Michael Jordan
67%
player Shaquille O'Neal
67%
player Allen Iverson
33%
player James Harden
33%
player Jerry West
33%
player Kevin Durant
33%
player Kyrie Irving
33%
player Stephen Curry
33%
player Hakeem Olajawan
0%
player Kareem Abdul-Jabbar
0%
player Scottie Pippen
0%
No matching quizzes found
Score Distribution
Percent of People with Each Score
Percentile by Number Answered
Your Score History
You have not taken this quiz